000 00913cam a2200229 a 4500
001 15978108
005 20241028173336.0
008 091109s2010 ohua b s001 0 eng
020 _a9781606350478 (hardback : alk. paper)
020 _a9781606350478
050 0 0 _aNA4600
_b.H64 2010
082 0 0 _a726.01
_222
100 1 _aHoffman, Douglas R.,
_d1949-
245 1 0 _aSeeking the sacred in contemporary religious architecture /
_cDouglas R. Hoffman; foreword by Michael J. Crosbie
260 _aKent, Ohio :
_bKent State University Press :
_bIn cooperation with Cleveland State University's College of Liberal Arts and Social Sciences,
_cc2010.
300 _axiii, 86 p. :
_bill. (chiefly col.) ;
_c28 cm.
650 0 _aReligious architecture.
650 0 _aArchitecture, Modern
_y20th century.
650 0 _aArchitecture, Modern
_y21st century.
700 _aCrosbie, Michael J. (foreward)
942 _2lcc
_cBK
_n0
999 _c309
_d309